01728cam a22003135a 45000010009000000050017000090080041000260200029000670200026000960400034001220820028001561000025001842450074002092460056002832600064003393000049004035000026004525040041004785200530005196300012010496500047010616500052011086510010011606530033011706550024012039420028012279990017012559520142012721788230620150809095534.0130911t2014 flua frb 001 0 eng d a9781466598539 (hardback) a1466598530 (hardback) aDLCbengcDLCdDLCdEG-ScBUE 04a621.3822028553bALK2221 aAlkin, Oktay.93826510aSignals and systems :ba MATLABĀ® integrated approach /cOktay Alkin.3 aSignals and systems :ba MATLAB integrated approach aBoca Raton :bCRC Press / Taylor & Francis Group, cc.2014. axxiii, 1098 p. :bill. (some col.) ;c27 cm. aIndex : p. 1091-1098. aIncludes bibliographical references. a"This book draws on the author's more than 25 years of teaching a course on signals and systems. It provides an interactive, visual reinforcement of fundamental concepts like the utility of MATLABĀ®, not just as a computational tool, but also as a teaching tool that allows the development of a sophisticated demo program for students to explore while studying the theory of linear systems. It includes a large number of computer modules or applications, each linked to a specific example, section, or figure in the book. "--00aMATLAB. 0aSignal processingxData processing.2BUEsh 0aSystem analysisxData processing.2BUEsh918002 2BUEsh bENGELCcJune2015cAugust2015 vreading book934232 2ddck621.3822028553 ALK c19550d19522 00102ddc40708BaccahaMAINbMAINc1STd2015-06-10epurchaseg390.00l0o621.3822028553 ALKp000038506r2025-07-15 00:00:00v488.00yBB